Kůže /

Román Kůže mladé ruské spisovatelky Jevgeniji Někrasovové je příběhem dvou žen, černošské otrokyně z amerického Jihu a ruské nevolnice, jejichž osudy se prolnou. Vyprávění je neseno svébytným, pohádkově kolébavým stylem s prvky fantaskna.

Hlavní autor: Nekrasova, Jevgenija Igorevna, 1985-
Další autoři: Machoninová, Alena, 1980-
Jazyk: Čeština
Vydáno: Praha : Maraton, 2023
Vydání: V českém jazyce vydání první
Témata:
Fyzický popis: 294 stran ; 20 cm
Knihy
Uloženo v:
LEADER 02600nam a2200421 i 4500
001 nkc20233576160
003 CZ PrNK
005 20240119160701.0
007 ta
008 231129s2023 xr g 000 f czeo
015 |a cnb003576160 
020 |a 978-80-88411-23-9  |q (brožováno) :  |c Kč 388,00 
035 |a (OCoLC)1420606869 
040 |a ABG001  |b cze  |e rda 
041 1 |a cze  |h rus 
072 7 |a 821.161.1  |x Ruská literatura, rusky psaná  |2 Konspekt  |9 25 
080 |a 821.161.1-31  |2 MRF 
080 |a (0:82-31)  |2 MRF 
100 1 |a Nekrasova, Jevgenija Igorevna,  |d 1985-  |7 js20201091374  |4 aut 
240 1 0 |a Koža.  |l Česky 
245 1 0 |a Kůže /  |c Jevgenija Někrasovová ; přeložila Alena Machoninová 
250 |a V českém jazyce vydání první 
264 1 |a Praha :  |b Maraton,  |c 2023 
300 |a 294 stran ;  |c 20 cm 
336 |a text  |b txt  |2 rdacontent 
337 |a bez média  |b n  |2 rdamedia 
338 |a svazek  |b nc  |2 rdacarrier 
500 |a Přeloženo z ruštiny 
520 2 |a Román Kůže mladé ruské spisovatelky Jevgeniji Někrasovové je příběhem dvou žen, černošské otrokyně z amerického Jihu a ruské nevolnice, jejichž osudy se prolnou. Vyprávění je neseno svébytným, pohádkově kolébavým stylem s prvky fantaskna.  |b Na americkém Jihu se narodí otrokyně Hope, kterou se její matka snaží ochránit před stejným osudem, jaký potkal ji. Jsou od sebe ale odtrženy a nový majitel Hope odváží z kontinentu. Na Rusi se v nevolnické rodině narodí Domna, kterou jako nejmladší dceru rodina piplá a rozmazluje. Jednoho dne pro ni najednou přijede povoz - majitel ji prohrál v kartách. Hrdinky se kdesi uprostřed ruských plání setkávají a v magickém okamžiku si vymění kůži. Tak začínají peripetie, během kterých se obě ženy pokouší osvobodit, vykoupit své blízké a v neposlední řadě pomstít předchozí strádání. Originální a stylově odvážný román Jevgenije Někrasovové zachází s tématy otroctví a nevolnictví, emancipace i svobody a klene se v široké linii až k reflexi problémů současné ruské občanské společnosti, rozpolcené mezi minulostí a budoucností, Východem a Západem. Nakladatelská anotace. 
655 7 |a ruské romány  |7 fd133320  |2 czenas 
655 9 |a Russian fiction  |2 eczenas 
700 1 |a Machoninová, Alena,  |d 1980-  |7 xx0049081  |4 trl 
910 2 |a BOA001  |b 1-1517.233 
920 |a 4899565  |z ABG001 
990 |a BK 
995 |a 01 
991 |b 202312  |c NOV 
996 6 |b 2610955675  |c 1-1517.233  |l MZK  |r Sklad / do 1 hodiny  |n 0  |p p.v.  |w 001946516  |u 000010  |a 1  |e BOA001  |j MZK50  |s P